000 01127nam a22002537a 4500
005 20100610100954.0
008 100610t xxu||||| |||| 00| 0 hin d
010 _aHIN-89539
020 _c200.00
_a9789380044347
035 _aHN-61885
037 _bDBAD / PUB
040 _aDPL
_bHN
082 _a821
100 _aजैन, सुनीता
_917698
245 _aहेरवा /
_cसुनीता जैन
246 _aHerwaa/
_bby Sunita Jain
260 _aग़ाज़ियाबाद
_bअंतिका प्रकाशन
_c2010
270 _aसी-56/यूजीएफ-4, शालीमार गार्डन, एक्सटेंशन-11
_bग़ाज़ियाबाद
_e201005 (उ.प्र.)
_k0120 6475212
_mantika56@gmail.com
300 _a95पृ
_c22सेमी (सजिल्द)
650 _aहिन्दी कविता
_9697
650 _aHindi poetry
_9698
942 _2ddc
_cHN
_mजैनसु
_h821
999 _c36679
_d36679